000
00307nam a22001337a 4500
008
181101b xxu||||| |||| 00| 0 eng d
020
_a
9780071476287
041
_a
eng
080
_2
2nd
_a
615
100
_a
5
101
_a
FAR
245
_a
Applied Clinical Pharmacokinetics
_c
Bauer,L.A
942
_2
udc
_c
BK
999
_c
51400
_d
51400